[Event "WEM-KT 2018"]
[Site "Illertissen"]
[Date "2018.08.28"]
[Round "4"]
[White "Bildt, Maximilian"]
[Black "Laengl, Juergen"]
[Result "0-1"]
[WhiteElo "2073"]
[BlackElo "2223"]
[Annotator "TA"]
[PlyCount "86"]
[EventDate "2018.08.25"]
[EventType "tourn"]
[EventCountry "GER"]
[SourceTitle "playchess.com"]
[Source "ChessBase"]
[SourceQuality "1"]

{[%evp 31,86,28,66,34,68,18,16,18,141,147,141,129,154,120,112,112,124,119,138,77,92,83,93,92,168,86,94,92,108,55,127,137,151,-73,-60,-115,-116,-115,-119,-483,-463,-690,-687,-674,-668,-653,-647,-809,-779,-743,0,-600,0,-739,-737,-735,-726]} 1. e4 e6 2. d4 d5 3. Nc3 Bb4 4. e5 c5 5. a3 Bxc3+ 6. bxc3 Ne7 7. Qg4 O-O 8. Bd3 f5 9. exf6 Rxf6 10. Bg5 Rf7 11. Qh5 g6 12. Qd1 Qa5 {C18: French: 3 Nc3 Bb4: Main line: 7 h4 and 7 Qg4} (12... Nbc6 13. Nf3 c4 14. Be2 Qf8 15. O-O h6 16. Bc1 Bd7 17. a4 Qg7 18. Ba3 g5 19. Rb1 b6 20. a5 bxa5 21. Rb7 {1-0 (56) Bacrot,E (2715)-Lagarde,M (2607) Agen 2017}) 13. Qd2 Nbc6 14. Nf3 cxd4 15. cxd4 Qxd2+ 16. Bxd2 Bd7 {LiveBook: 3 Games} 17. h4 $146 ({Predecessor:} 17. Rb1 b6 18. c3 Kg7 19. O-O Nf5 20. Ne5 Nxe5 21. dxe5 Rc8 22. Rfc1 Rc5 23. c4 d4 24. Re1 Rc8 25. Rec1 Rc5 26. Re1 {½-½ (26) Anderson,J (2467)-Ernazarov,N (2501) ICCF corr 2002}) 17... h5 18. Ne5 Nxe5 19. dxe5 Nc6 (19... Rc8 $11) 20. Bxg6 $16 Rg7 21. Bxh5 Nd4 22. O-O Rh7 23. Bd1 Rxh4 24. c3 Nc6 25. g3 (25. Re1 $142) 25... Rh7 26. Bc2 Rh5 27. f4 Ne7 (27... Na5 $16) 28. Bd1 (28. Kg2 $1 $18) 28... Rh7 29. Kg2 Bc6 30. g4 (30. Bf3 $16) 30... Kf7 {[#]} (30... Kg7 $14) 31. Bf3 $1 Ng6 32. Kf2 $2 (32. Rh1 $16 {and life is bright.} Nh4+ 33. Kf2) 32... Rh2+ $17 {[%mdl 1024] Black has strong compensation.} 33. Ke3 {[#]} (33. Ke1 $15) 33... Rah8 $1 {[%cal Rh8h3] ...R8h3 is the strong threat.} 34. Be1 R8h3 {And now ...d4+! would win.} 35. Kd4 $2 {[%mdl 8192]} (35. Rd1 $17 {is more resistant.}) 35... Bb5 $19 36. f5 (36. Rh1 $142 Rxh1 37. Bxh1 Rxh1 38. f5) 36... Bxf1 37. fxg6+ Kxg6 38. Bg3 Rd2+ 39. Ke3 Rd3+ 40. Kf2 Rd2+ 41. Ke3 Rd3+ 42. Kf2 {[#]} Rxg3 $1 {[%mdl 512]} 43. Kxg3 Be2 $1 {Precision: White = 26%, Black = 40%.} 0-1

[Event "WEM-KT 2018"]
[Site "Illertissen"]
[Date "2018.08.28"]
[Round "4"]
[White "Wolf, Rainer"]
[Black "Kohde, Janis"]
[Result "1-0"]
[WhiteElo "2044"]
[BlackElo "1803"]
[Annotator "NA RC"]
[PlyCount "45"]
[EventDate "2018.08.25"]
[EventType "tourn"]
[EventCountry "GER"]
[SourceTitle "playchess.com"]
[Source "ChessBase"]
[SourceQuality "1"]
[TimeControl "40/6000+30:3000+30"]

1. Nf3 {[%emt 0:09:36]} Nf6 {[%emt 0:09:38]} 2. e3 {[%emt 0:00:19]} d5 {[%emt 0:00:43]} 3. Be2 {[%emt 0:00:23]} e6 {[%emt 0:01:11]} 4. O-O {[%emt 0:00:46]} Be7 {[%emt 0:01:32]} 5. b3 {[%emt 0:00:27]} O-O {[%emt 0:00:20]} 6. Bb2 {[%emt 0:00:25]} Nbd7 {[%emt 0:01:00]} 7. c4 {[%emt 0:03:05]} c6 {[%emt 0:00:32] LiveBook: 16 Games} 8. d4 {[%emt 0:00:46] A13: Reti-Eröffnung} (8. Qc2 Bd6 9. Ba3 {½-½ (9) Hernando Pertierra,J (2388)-Del Rio de Angelis,S (2515) Madrid 2010}) 8... b6 {[%emt 0:02:32]} 9. Nfd2 $146 {[%emt 0:02:24]} ({Vorgänger:} 9. Nc3 Bb7 10. Rc1 Rc8 11. Qd3 c5 12. cxd5 Nxd5 13. Nxd5 Bxd5 14. Rfd1 cxd4 15. Qxd4 Bf6 16. Qd2 Bxb2 17. Qxb2 Qe7 18. Nd4 h6 19. Bf3 Bxf3 {½-½ (19) Sosovicka,J (2215)-Borosova,Z (2263) Slovakia 2015}) 9... Bb7 {[%emt 0:02:15]} 10. Nc3 {[%emt 0:01:19]} c5 {[%emt 0:05:25]} 11. Bf3 {[%emt 0:04:10]} cxd4 {[%emt 0:05:10]} 12. exd4 {[%emt 0:00:22]} Bb4 {[%emt 0:07:55]} 13. a3 {[%emt 0:02:54]} Bxc3 {[%emt 0:02:52]} 14. Bxc3 {[%emt 0:00:07]} Qc8 {[%emt 0:10:28]} 15. Rc1 {[%emt 0:01:40]} dxc4 {[%emt 0:04:00]} 16. Bb4 {[%emt 0:05:28]} Bxf3 {[%emt 0:04:10]} 17. Qxf3 {[%emt 0:00:22]} Rd8 {[%emt 0:04:13]} 18. Nxc4 {[%emt 0:04:05]} Qa6 {[%emt 0:03:40]} 19. Be7 {[%emt 0:13:11]} Rdb8 {[%emt 0:00:56]} 20. Nd6 {[%emt 0:05:16]} e5 {[%emt 0:19:23]} 21. Bxf6 {[%emt 0:03:03]} Nxf6 {[%emt 0:00:23]} (21... e4 $142 22. Nxe4 Nxf6 23. Nxf6+ gxf6) 22. dxe5 {[%emt 0:00:09]} Qxa3 {[%emt 0:02:13]} 23. Nc4 $18 {[%emt 0:01:01]} (23. Rfd1 $142) 1-0

[Event "WEM-KT 2018"]
[Site "Illertissen"]
[Date "2018.08.28"]
[Round "4"]
[White "Bossinger, Patrick"]
[Black "Guenther, Stefan"]
[Result "1-0"]
[WhiteElo "2039"]
[BlackElo "1907"]
[Annotator "NA RC"]
[PlyCount "134"]
[EventDate "2018.08.25"]
[EventType "tourn"]
[EventCountry "GER"]
[SourceTitle "playchess.com"]
[Source "ChessBase"]
[SourceQuality "1"]
[TimeControl "40/6000+30:3000+30"]

1. e4 {[%emt 0:09:36]} e5 {[%emt 0:09:38]} 2. Nf3 {[%emt 0:00:10]} Nf6 {[%emt 0:00:04]} 3. Nxe5 {[%emt 0:00:06]} d6 {[%emt 0:00:05]} 4. Nf3 {[%emt 0:00:08]} Nxe4 {[%emt 0:00:05]} 5. d4 {[%emt 0:00:07]} d5 {[%emt 0:00:04]} 6. Bd3 {[%emt 0:00:11]} Nc6 {[%emt 0:00:05]} 7. O-O {[%emt 0:00:46]} Be7 {[%emt 0:00:04]} 8. c4 {[%emt 0:03:54]} Nb4 {[%emt 0:00:14]} 9. cxd5 {[%emt 0:00:50]} Nxd3 {[%emt 0:01:01]} 10. Qxd3 {[%emt 0:00:10]} Qxd5 {[%emt 0:00:08]} 11. Nc3 {[%emt 0:01:02]} Nxc3 {[%emt 0:00:32]} 12. bxc3 {[%emt 0:00:50]} O-O {[%emt 0:06:49] C42: Petroff Defence: 3 Nxe5 and unusual White 3rd moves} 13. Ne5 {[%emt 0:12:28]} f6 $146 {[%emt 0:17:46]} ({Predecessor:} 13... c5 14. Ba3 Re8 15. Rfd1 b6 16. c4 Qxd4 17. Qxd4 cxd4 {0-1 (17) Munoz Duran,J (2200)-Corujedo Hernandez,R (2279) ICCF email 2008}) 14. c4 {[%emt 0:02:18]} Qa5 {[%emt 0:05:49]} 15. Nf3 {[%emt 0:06:07]} Bf5 {[%emt 0:12:03]} 16. Qb3 {[%emt 0:02:01]} Qb4 {[%emt 0:02:13]} 17. Bd2 {[%emt 0:04:29]} Qxb3 {[%emt 0:00:29]} 18. axb3 {[%emt 0:00:07]} Rfe8 {[%emt 0:07:17]} 19. Rfe1 {[%emt 0:06:55]} a6 {[%emt 0:05:48]} 20. d5 {[%emt 0:22:37]} Bd6 {[%emt 0:05:12]} 21. Nd4 {[%emt 0:04:36]} Bd7 {[%emt 0:00:03]} 22. Rad1 {[%emt 0:01:18]} Rxe1+ {[%emt 0:01:05]} 23. Rxe1 {[%emt 0:00:16]} Kf7 {[%emt 0:00:35]} 24. b4 {[%emt 0:01:35]} b6 {[%emt 0:03:34]} 25. Rc1 {[%emt 0:05:10]} Be5 {[%emt 0:09:47]} 26. Nf3 $1 {[%emt 0:01:46]} c6 {[%emt 0:06:44]} 27. Be3 {[%emt 0:07:17]} Rb8 {[%emt 0:04:43]} 28. Nxe5+ {[%emt 0:03:08]} fxe5 {[%emt 0:00:01]} 29. d6 {[%emt 0:00:29]} Ke6 {[%emt 0:01:40]} 30. c5 {[%emt 0:01:24]} bxc5 {[%emt 0:00:27]} 31. bxc5 {[%emt 0:00:30]} a5 {[%emt 0:00:37]} 32. Kf1 {[%emt 0:01:32]} a4 {[%emt 0:01:00]} 33. Ra1 {[%emt 0:03:31]} Ra8 {[%emt 0:01:20]} 34. Ke2 {[%emt 0:00:18]} Be8 {[%emt 0:00:16]} 35. Kd3 {[%emt 0:01:02]} Kd7 {[%emt 0:02:46]} 36. Kc3 {[%emt 0:03:25]} a3 {[%emt 0:00:49]} 37. Rc1 $1 {[%emt 0:02:06]} Rb8 {[%emt 0:01:13]} 38. Ra1 {[%emt 0:00:28]} Ra8 {[%emt 0:00:12]} 39. Rc1 {[%emt 0:00:20]} a2 {[%emt 0:00:24]} 40. Kb2 {[%emt 0:02:41]} Bf7 {[%emt 0:00:34]} 41. Ka1 {[%emt 0:27:15]} Ra3 {[%emt 0:28:50]} 42. Rc2 {[%emt 0:06:35]} Rd3 {[%emt 0:04:02]} 43. Rd2 {[%emt 0:00:26]} Rc3 {[%emt 0:01:45]} 44. Rb2 {[%emt 0:03:40]} Bb3 {[%emt 0:06:17]} 45. Re2 {[%emt 0:03:39]} h6 {[%emt 0:03:17]} 46. Rb2 {[%emt 0:01:42]} Rd3 {[%emt 0:01:30]} 47. Rd2 $1 {[%emt 0:00:16]} Rc3 {[%emt 0:00:50]} 48. Rb2 {[%emt 0:00:18]} Kc8 {[%emt 0:00:21]} 49. Re2 {[%emt 0:01:14]} Bc4 {[%emt 0:02:03]} 50. Re1 {[%emt 0:02:37]} Bd5 {[%emt 0:02:49]} 51. g4 {[%emt 0:04:52]} (51. Rc1 $11 Rd3 52. Rc2) 51... Rc2 {[%emt 0:02:55]} 52. h4 {[%emt 0:00:25]} g5 {[%emt 0:02:23]} 53. hxg5 {[%emt 0:00:54]} hxg5 {[%emt 0:00:04]} 54. Bxg5 {[%emt 0:01:18]} Rxf2 {[%emt 0:00:07]} 55. Be3 {[%emt 0:00:45]} Rf3 {[%emt 0:01:04]} 56. g5 {[%emt 0:00:52]} Rg3 {[%emt 0:00:31]} 57. Bd2 {[%emt 0:01:13]} e4 {[%emt 0:01:06]} 58. Be3 {[%emt 0:02:07]} Kd7 {[%emt 0:00:29]} 59. Bf4 {[%emt 0:00:51]} Rf3 {[%emt 0:01:39]} 60. Be5 {[%emt 0:00:03]} e3 {[%emt 0:00:29]} 61. g6 {[%emt 0:00:54] [#]} e2 $1 {[%emt 0:00:55]} 62. Kb2 {[%emt 0:00:11]} Rf1 {[%emt 0:01:47]} (62... Be6 $15 63. g7 Rf1) 63. Bc3 {[%emt 0:00:01]} Rxe1 64. Bxe1 {[%emt 0:00:01]} Ke8 {[%emt 0:01:05]} 65. g7 {[%emt 0:00:33]} Kf7 {[%emt 0:00:02]} 66. g8=Q+ {[%emt 0:00:32]} Kxg8 {[%emt 0:00:03]} 67. d7 {[%emt 0:00:09]} Kf7 {[%emt 0:01:17]} 1-0

[Event "WEM-KT 2018"]
[Site "Illertissen"]
[Date "2018.08.28"]
[Round "4"]
[White "Hermann, Tobias"]
[Black "Handel, Oliver"]
[Result "1-0"]
[WhiteElo "2002"]
[BlackElo "1839"]
[Annotator "NA RC"]
[PlyCount "61"]
[EventDate "2018.08.25"]
[EventType "tourn"]
[EventCountry "GER"]
[SourceTitle "playchess.com"]
[Source "ChessBase"]
[SourceQuality "1"]
[TimeControl "40/6000+30:3000+30"]

1. b3 {[%emt 0:09:37]} d5 {[%emt 0:10:24]} 2. Bb2 {[%emt 0:00:06]} e6 {[%emt 0:01:20]} 3. e3 {[%emt 0:00:14]} Nf6 {[%emt 0:00:19]} 4. Nf3 {[%emt 0:00:22]} c5 {[%emt 0:02:33]} 5. c4 {[%emt 0:00:21]} Nc6 {[%emt 0:04:34]} 6. cxd5 {[%emt 0:02:26]} exd5 {[%emt 0:01:24]} 7. Bb5 {[%emt 0:01:01] LiveBook: 179 Games} Bd7 {[%emt 0:03:09]} 8. O-O {[%emt 0:03:44] A13: English Opening: 1...e6} a6 {[%emt 0:03:57]} (8... Be7 9. d4 cxd4 10. Bxc6 bxc6 11. exd4 Bf5 12. Ne5 Rc8 13. Nc3 O-O 14. Na4 Nd7 15. Nd3 Bd6 {½-½ (34) Lopez Martinez,J (2607)-Pavasovic,D (2548) Heraklio 2017}) 9. Bxc6 {[%emt 0:02:42]} Bxc6 {[%emt 0:00:38]} 10. d4 {[%emt 0:01:12]} b6 {[%emt 0:08:19]} 11. Nc3 {[%emt 0:10:11]} Be7 $146 {[%emt 0:03:02]} ({Predecessor:} 11... Bd6 $11 12. Rc1 Rc8 13. Qe2 Bb7 14. Rfd1 O-O 15. dxc5 bxc5 {½-½ (29) Suba,M (2503)-Garcia Rodriguez,V (2015) Albacete 2004}) 12. Rc1 {[%emt 0:05:15]} O-O {[%emt 0:05:34]} 13. dxc5 {[%emt 0:13:40]} bxc5 {[%emt 0:00:11]} 14. Ne5 {[%emt 0:00:10]} Bb7 {[%emt 0:09:20]} 15. Na4 {[%emt 0:04:02]} Rc8 {[%emt 0:00:20]} 16. Nd3 {[%emt 0:06:36]} c4 {[%emt 0:10:56]} 17. bxc4 {[%emt 0:03:30]} dxc4 {[%emt 0:03:24]} 18. Ne5 {[%emt 0:14:41]} Bd5 {[%emt 0:01:10]} 19. Bd4 {[%emt 0:01:51]} Ba3 {[%emt 0:06:39]} 20. Rc2 {[%emt 0:07:54]} Qa5 {[%emt 0:04:18]} 21. Nb6 {[%emt 0:01:48]} c3 {[%emt 0:06:16]} 22. Nxc8 {[%emt 0:12:57]} Rxc8 {[%emt 0:00:09]} 23. Ng4 {[%emt 0:01:46]} Ne8 {[%emt 0:06:37]} 24. Rxc3 {[%emt 0:02:56]} Rxc3 {[%emt 0:07:44]} 25. Bxc3 {[%emt 0:00:01]} Qc5 {[%emt 0:00:19]} 26. Qd4 {[%emt 0:01:53]} Bxa2 $18 {[%emt 0:00:55]} 27. Ra1 {[%emt 0:00:52]} Be6 {[%emt 0:00:45]} 28. Ne5 {[%emt 0:00:47]} f6 {[%emt 0:06:01]} 29. Nd3 {[%emt 0:00:33]} Qxd4 {[%emt 0:00:34]} 30. Bxd4 {[%emt 0:00:02]} Bc4 {[%emt 0:00:19]} 31. Rxa3 {[%emt 0:00:03]} 1-0

[Event "WEM-KT 2018"]
[Site "Illertissen"]
[Date "2018.08.28"]
[Round "4"]
[White "Jooss, Achim"]
[Black "Schelberg, Martin"]
[Result "1/2-1/2"]
[WhiteElo "1749"]
[BlackElo "1727"]
[Annotator "NA RC"]
[PlyCount "22"]
[EventDate "2018.08.25"]
[EventType "tourn"]
[EventCountry "GER"]
[SourceTitle "playchess.com"]
[Source "ChessBase"]
[SourceQuality "1"]
[TimeControl "40/6000+30:3000+30"]

1. d4 {[%emt 0:09:32]} Nf6 {[%emt 0:09:50]} 2. Nf3 {[%emt 0:00:19]} d6 {[%emt 0:00:46]} 3. e3 {[%emt 0:00:15]} g6 {[%emt 0:01:27]} 4. Bd3 {[%emt 0:00:07]} Bg7 {[%emt 0:00:40]} 5. O-O {[%emt 0:00:14]} O-O {[%emt 0:00:22]} 6. c4 {[%emt 0:01:38]} Nbd7 {[%emt 0:02:04]} 7. Nc3 {[%emt 0:00:35]} e5 {[%emt 0:02:05]} 8. Ne4 {[%emt 0:05:35]} Nxe4 {[%emt 0:05:01]} 9. Bxe4 {[%emt 0:00:05]} f5 {[%emt 0:00:46]} 10. Bd5+ {[%emt 0:00:53]} Kh8 {[%emt 0:01:14]} 11. Qb3 {[%emt 0:09:23]} e4 {[%emt 0:13:47]} 1/2-1/2

[Event "WEM-KT 2018"]
[Site "Illertissen"]
[Date "2018.08.29"]
[Round "5"]
[White "Anistratov, Dmitriy"]
[Black "Bildt, Maximilian"]
[Result "1-0"]
[WhiteElo "2279"]
[BlackElo "2073"]
[Annotator "TA"]
[PlyCount "109"]
[EventDate "2018.08.25"]
[EventType "tourn"]
[EventCountry "GER"]
[SourceTitle "playchess.com"]
[Source "ChessBase"]
[SourceQuality "1"]

{[%evp 31,109,18,23,29,20,8,25,19,27,19,18,-7,47,0,11,0,0,-3,0,0,0,0,316,100,111,109,106,102,79,0,0,0,17,0,25,26,10,0,0,0,0,-85,-14,-79,19,22,65,0,0,-15,-18,-62,1662,1614,1607,1550,1476,1562,876,779,12841,12840,12842,12843,12843,12843,12844,12844,12845,12845,12845,12845,12849,12849,12850,12850,12850,29987,29987,29984]} 1. Nf3 Nf6 2. c4 g6 3. b3 Bg7 4. Bb2 O-O 5. g3 c5 6. Bg2 Nc6 7. O-O d6 8. d4 cxd4 9. Nxd4 Bd7 10. Nc3 Nxd4 11. Qxd4 Bc6 12. Nd5 Ne8 13. Qd2 Bxb2 {E60: King's Indian: Unusual lines and Fianchetto Variation without Nc3} 14. Qxb2 Bxd5 15. Bxd5 Qb6 16. Rfd1 (16. Rfc1 Nf6 17. Bf3 Rfc8 18. Rab1 a5 19. a3 Rc7 20. h4 h5 21. b4 axb4 22. axb4 Rac8 23. c5 dxc5 24. bxc5 Qxb2 25. Rxb2 Rxc5 26. Rxc5 Rxc5 27. Rxb7 {½-½ (27) Bruzon Batista,L (2660)-Swiercz,D (2639) Saint Louis 2017}) 16... Nf6 {LiveBook: 4 Games} 17. Bg2 Rac8 $146 ({Predecessor:} 17... Rfc8 18. Qd4 Qxd4 19. Rxd4 Rc7 20. f4 a5 21. Bf3 {½-½ (50) Zifroni,D (2500)-Zilberman,Y (2463) Israel 2008}) 18. Qd4 Rc5 19. Qe3 Qc7 20. h3 a6 21. Rd4 Rc8 (21... b5 $11) 22. Rdd1 Re5 23. Qd3 b5 24. cxb5 $1 axb5 25. a4 bxa4 26. bxa4 Qc2 $2 {[%mdl 8192] [#]} (26... Rc5 $11 {and Black has nothing to worry.}) 27. a5 $2 (27. Qxc2 $1 $18 {and the rest is easy.} Rxc2 28. a5) 27... Qxd3 $16 28. exd3 Rb5 29. a6 d5 30. a7 (30. d4 $16) 30... Ra8 $11 31. Ra6 e6 32. Rda1 Rb7 33. f4 $36 {[%mdl 2048] White has the initiative.} Ne8 34. Bf1 Nc7 35. R6a4 Kf8 36. Kf2 (36. g4 $11) 36... Ke7 (36... Ne8 $17) 37. Ke3 (37. g4 $1 $11 {keeps the balance.}) 37... Kd6 ({Much weaker is} 37... Nb5 38. Rb4 $11) (37... Ne8 $17) 38. g4 Nb5 {[%cal Rb7a7]} 39. Rb1 ({White should play} 39. d4 $1 $14) 39... Kc7 40. Rab4 Nd6 41. Rc1+ Nc4+ $2 {[%mdl 8192] [#]} (41... Kd7 $15 42. Rxb7+ Nxb7) 42. Rcxc4+ $1 $18 dxc4 43. Rxb7+ Kxb7 44. Bg2+ Kxa7 45. Bxa8 Kxa8 46. dxc4 {[%mdl 4096] Endgame KP-KP} f6 47. Kd4 Kb7 48. g5 f5 49. Ke5 Kc6 50. Kxe6 Kc5 51. Kf6 Kxc4 52. Kg7 Kd4 53. Kxh7 Ke4 54. Kxg6 Kxf4 55. Kh5 {Precision: White = 37%, Black = 40%.} 1-0

[Event "WEM-KT 2018"]
[Site "Illertissen"]
[Date "2018.08.29"]
[Round "5"]
[White "Laengl, Juergen"]
[Black "Gustain, Marc"]
[Result "0-1"]
[WhiteElo "2223"]
[BlackElo "2102"]
[Annotator "TA"]
[PlyCount "114"]
[EventDate "2018.08.25"]
[EventType "tourn"]
[EventCountry "GER"]
[SourceTitle "playchess.com"]
[Source "ChessBase"]
[SourceQuality "1"]

{[%evp 17,114,0,2,-15,-14,-6,-13,-14,-6,-4,-4,-68,4,2,12,-52,0,0,0,0,0,-18,114,129,114,116,119,30,17,14,12,0,0,0,0,-7,9,8,10,10,10,8,10,8,10,6,0,0,0,0,0,0,0,-6,-10,-26,-27,-28,-8,-31,-31,-22,-16,-24,-10,-10,-10,-10,-10,-10,-10,-10,-10,-10,-10,-8,-8,-10,-10,-13,-13,-15,-14,-15,-13,-32,-37,-39,-39,-1667,-39,-29965,-29967,-29965,-29964,-29967,-29967,-29942,-10155]} 1. d4 d5 2. Nc3 Nf6 3. Bg5 Nbd7 4. e3 c6 5. Nf3 Qb6 6. Rb1 {D01: Damenbauernspiele (Richter-Weressow)} (6. Qc1 h6 7. Bh4 g5 8. Bg3 Nh5 9. Be5 Nxe5 10. Nxe5 Bg7 11. Be2 Nf6 12. Bd3 Nd7 13. Nxd7 Bxd7 {0-1 (95) Chekhova Kostina,T (2246)-Melkumyan,H (2654) Minsk 2015}) 6... g6 7. Bd3 Bg7 8. O-O O-O 9. h3 Re8 {LiveBook: 5 Partien} 10. Re1 e5 11. dxe5 Nxe5 12. Nxe5 Rxe5 13. Bf4 Re8 14. b4 $146 (14. e4 $11) ({Vorgänger:} 14. Qf3 Bd7 15. b4 Qd8 16. Red1 {½-½ (61) Pekar,K (2166)-Zvarik,M (2177) Slovakia 2004}) 14... Nd7 ({Lieber} 14... Nh5 $15 15. Na4 Qd8) 15. Qd2 $11 Ne5 16. b5 ({Besser ist} 16. e4 $11) 16... Nxd3 (16... Qa5 $15 17. Ne4 Qxa2) 17. cxd3 Qa5 18. d4 c5 19. Rbd1 (19. Red1 {keeps more tension.} Be6 20. Be5 Bxe5 21. dxe5 Red8 22. Qb2) 19... cxd4 (19... Be6 $11) 20. Nxd5 $16 Qxd2 21. Rxd2 dxe3 22. Bxe3 (22. Rxe3 $16 Be6 23. Nc7) 22... Be6 $11 23. Red1 {Sc7 ist eine echte Drohung.} Be5 24. Bh6 Rac8 25. a4 b6 26. Rd3 Bg7 {Und weiter mit ...Lxd5 wäre nett.} 27. Bg5 {Droht Se7+ und aus.} Kf8 28. Nf6 Bxf6 $1 29. Bxf6 h5 30. Kh2 Bf5 31. Rd4 Re6 32. Rd8+ Rxd8 33. Rxd8+ {[%mdl 4096] Endspiel KTL-KTL} Re8 34. Bg7+ Ke7 35. Rd4 Rc8 36. g4 hxg4 37. hxg4 Bc2 38. g5 Bb3 39. Bf6+ Ke6 40. Re4+ Kd5 41. Re7 Bxa4 42. Rxa7 Bxb5 43. Rxf7 Ba4 44. Kg3 Bc2 45. Rd7+ Kc6 46. Rd2 Bf5 47. Kf4 b5 48. Rd1 Re8 49. Rc1+ Kd5 50. Rd1+ Kc4 51. Be5 b4 {Droht stark ...Txe5!} 52. Rd4+ Kc5 {Und ...b3 würde nun gewinnen.} 53. Rd2 $2 {[%mdl 8192] [#]} (53. Bf6 $15) 53... b3 $2 (53... Rxe5 $1 $19 {[%mdl 512]} 54. Kxe5 b3) 54. f3 $2 {[%mdl 8192] [#]} (54. Bd4+ $15 Kc4 55. Bb2) 54... Rxe5 $1 {[%mdl 512] Schwarz setzt Matt.} 55. Kxe5 Kc4 56. Rd4+ Kc3 57. Rf4 Bd3 {Precision: Weiß = 41%, Schwarz = 63%.} (57... b2 $142 58. Ra4 b1=Q 59. Kf6 Qb6+ 60. Kg7 Kb3 61. Rh4 Qb7+ 62. Kh6 Qxf3 63. Kg7 Qc3+ 64. Kf7 Qe5 65. Kf8 Be6 66. Rh7 Qf4+ 67. Kg7 Qxg5 68. Rh1 Qe5+ 69. Kxg6 Qe4+ 70. Kf6 Qxh1 71. Kxe6 Qe4+ 72. Kf7 Qf5+ 73. Kg7 Kc4 74. Kg8 Kd5 75. Kh8 Ke6 76. Kg8 Qg5+ 77. Kh7 Kf7 78. Kh8 Qh6#) 0-1

[Event "WEM-KT 2018"]
[Site "Illertissen"]
[Date "2018.08.29"]
[Round "5"]
[White "Engelhart, Achim"]
[Black "Hermann, Tobias"]
[Result "1/2-1/2"]
[WhiteElo "2126"]
[BlackElo "2002"]
[Annotator "TA"]
[PlyCount "47"]
[EventDate "2018.08.25"]
[EventType "tourn"]
[EventCountry "GER"]
[SourceTitle "playchess.com"]
[Source "ChessBase"]
[SourceQuality "1"]

{[%evp 10,47,39,33,54,52,65,16,8,0,0,0,0,8,31,18,25,10,0,0,0,0,0,0,31,31,41,31,30,21,29,33,33,35,54,0,56,7,34,20]} 1. e4 {Berg,E} d6 2. d4 e5 3. Nf3 exd4 4. Nxd4 Nf6 5. Nc3 Be7 6. Qf3 {LiveBook: 55 Games. C41: Philidor Defence} (6. g3 Nc6 7. Bg2 Nxd4 8. Qxd4 O-O 9. O-O Re8 10. Re1 Be6 11. e5 dxe5 12. Qxd8 Rexd8 13. Bxb7 Rab8 14. Bg2 {½-½ (62) Guseinov,G (2645)-Carlsen,M (2832) chess.com INT 2017}) 6... Nc6 7. Bb5 $1 Bd7 8. Nxc6 $146 (8. Bxc6 {keeps more tension.} bxc6 9. e5 Nd5 10. Nxc6 Bxc6 11. Nxd5 Qd7 12. O-O) ({Predecessor:} 8. Bxc6 bxc6 9. e5 Nd5 10. Nxd5 cxd5 11. Qxd5 O-O 12. Bf4 Bg5 13. Bg3 dxe5 14. Bxe5 {1-0 (38) Berg,E (2594)-Byklum,B (2292) Oslo 2010 CBM 136 [Berg,E]}) 8... bxc6 9. Bd3 O-O 10. h3 Re8 11. O-O Rb8 12. b3 Be6 13. Bg5 h6 14. Bh4 Nd7 15. Bxe7 Qxe7 16. Rae1 Qf6 17. Qxf6 Nxf6 18. f4 a5 19. Re2 Kf8 20. Kh2 Bd7 21. Rfe1 g6 22. Kg3 (22. g4 $14) 22... c5 ({Black should try} 22... Nh5+ $11 23. Kf3 g5) 23. a4 Rb4 24. Kh2 {Precision: White = 36%, Black = 63%.} 1/2-1/2

[Event "WEM-KT 2018"]
[Site "Illertissen"]
[Date "2018.08.29"]
[Round "5"]
[White "Gabriel, Josef"]
[Black "Wolf, Rainer"]
[Result "1-0"]
[WhiteElo "2124"]
[BlackElo "2044"]
[Annotator "TA"]
[PlyCount "65"]
[EventDate "2018.08.25"]
[EventType "tourn"]
[EventCountry "GER"]
[SourceTitle "playchess.com"]
[Source "ChessBase"]
[SourceQuality "1"]

{[%evp 14,65,20,1,11,11,33,-10,-10,-6,136,129,248,234,408,424,403,423,390,342,342,304,387,383,391,370,514,249,258,272,266,263,270,262,312,333,301,52,260,130,105,116,115,118,86,89,2172,1956,1357,718,29988,29989,29990,29991]} 1. e4 c6 2. d4 d5 3. Nd2 dxe4 4. Nxe4 Nd7 5. Bc4 Ngf6 6. Ng5 e6 7. Ne2 Nb6 8. Bb3 Bd6 {B17: Caro-Kann: Modern Line (4...Nd7)} (8... h6 9. Nf3 c5 10. c3 Be7 11. Bf4 Nbd5 12. Bg3 O-O 13. Qd3 b6 14. a3 Bb7 15. Rd1 Qc8 16. O-O {1-0 (83) Kabisch,T (2236)-Schuster,K (2277) Schmiden/Cannstatt 2016}) 9. O-O Qc7 10. h3 h6 $146 {The position is equal.} ({Predecessor:} 10... O-O 11. Nc3 Rd8 12. Be3 c5 13. Nb5 Qc6 14. Nxd6 Rxd6 15. c3 c4 {½-½ (29) Chmielewska,J (1671)-Borowicz,M (1858) Milanowek 2009}) 11. Nf3 g5 (11... Nbd7 $11) 12. c4 $16 {[%cal Bc2c4,Bc4c5][%mdl 32]} g4 (12... c5 $16) 13. hxg4 $18 Nxg4 $2 (13... c5 14. dxc5 Bxc5) 14. c5 Bh2+ 15. Kh1 Nd5 {If Black can now play ...h5 this consolidates a bit.} 16. Bxd5 exd5 17. g3 h5 18. Bf4 (18. Nxh2 h4 $18) 18... Qd7 19. Nh4 (19. Nxh2 h4 $18) 19... Nf6 {and if ...Qh3 works, Black does fine.} 20. Be5 (20. Re1 $142) 20... Bxg3 21. Bxg3 (21. Nxg3 Qh3+ 22. Kg1 Qxh4 $15) 21... Qh3+ 22. Kg1 Rg8 {Strongly threatening ...Qxh4.} 23. Ng2 h4 24. Nef4 Qf5 25. Re1+ $2 (25. Qe2+ $1 $18 Ne4 26. f3 (26. Bxh4 Qxf4 27. Bg3 Qf6 $17) 26... hxg3 27. fxe4 Qxe4 28. Qxe4+ dxe4 29. Nh5) 25... Ne4 $2 ({Better is} 25... Kf8 $1 $14 26. Bh2 (26. Nxh4 Qxf4 27. Ng2 Qh6 $15) (26. Re5 Qh7 $15) 26... h3) 26. Qh5 (26. Nxh4 $2 Qxf4 27. Ng2 Rxg3 $19) ({White has to play} 26. Bh2 $18) 26... hxg3 $16 {[#]} 27. f3 $1 $36 {[%cal Rf3e4][%mdl 2048] White is on the roll.} Qf6 {White must now prevent ...Rh8.} 28. fxe4 Qxd4+ {[#]} 29. Re3 $1 Qxb2 $4 {[%mdl 8192]} (29... Bg4 $16 30. Qh4 (30. exd5+ Qxe3+ 31. Nxe3 Bxh5 $14) 30... dxe4) 30. exd5+ $18 Kd8 31. Rae1 cxd5 32. Qh4+ f6 33. Qh7 {Precision: White = 49%, Black = 24%.} 1-0